• 首页
  • 本馆介绍
  • 公告通知
  • 最新文献
  • 馆藏检索
  • 电子资源
  • 读者导购
  • 参考咨询
  • 我的图书馆
  • 登录
  • 详细信息显示
  • 放入我的书架
  • 预约/预借图书
  • 作者相关作品
  • 分类相关作品
  • 丛书相关作品
  • 出版社相关作品

书目信息

  • 表格格式
  • 工作单格式
  • 卡片格式
题名:
安防&光电信息
    
 
作者: 雷玉堂 编著
分册:  
出版信息: 北京   电子工业出版社  2016.3
页数: 11,375页
开本: 26cm
丛书名: 安防新技术及系统系列精品丛书
单 册:
中图分类: TN2 , X924.3
科图分类:
主题词: 光电子技术--信息技术--应用--安全监控系统
电子资源:
ISBN: 978-7-121-28163-1
000 01201nam 2200289 450
001 0400003671
005 20171022113419.0
010    @a978-7-121-28163-1@dCNY79.00
100    @a20160425d2016 em y0chiy50 ea
101 0  @achi
102    @aCN@b110000
105    @aa z 000yy
106    @ar
200 1  @a安防&光电信息@9an fang & guang dian xin xi@e安防监控技术基础@f雷玉堂编著
210    @a北京@c电子工业出版社@d2016.3
215    @a11,375页@c图@d26cm
225 1  @a安防新技术及系统系列精品丛书
320    @a有书目
330    @a本书从安防界存在的150条安防技术知识概念混淆不清与错误的问题入手,以光电信息技术方面的基础知识为切入点,全面、系统地阐述了光电信息技术各部分的理论基础、工作原理、实用技术与方法,及其在安防监控中的应用实例。具体内容共9章:安防&光电信息技术基础及安防技术发展方向、光电发光器件及其在安防中的应用、光辐射信息探测器件及其在安防中的应用等。
410  0 @12001 @a安防新技术及系统系列精品丛书
517 1  @a安防监控技术基础@9an fang jian kong ji shu ji chu
606 0  @a光电子技术@x信息技术@x应用@x安全监控系统
690    @aTN2@v5
690    @aX924.3@v5
701  0 @a雷玉堂@9lei yu tang@4编著
801  0 @aCN@b91MARC@c20171022
905    @b1033976-80@dTN2@f5@e128
    
    安防&光电信息:安防监控技术基础/雷玉堂编著.-北京:电子工业出版社,2016.3
    11,375页:图;26cm.-(安防新技术及系统系列精品丛书)
    
    
    ISBN 978-7-121-28163-1:CNY79.00
    本书从安防界存在的150条安防技术知识概念混淆不清与错误的问题入手,以光电信息技术方面的基础知识为切入点,全面、系统地阐述了光电信息技术各部分的理论基础、工作原理、实用技术与方法,及其在安防监控中的应用实例。具体内容共9章:安防&光电信息技术基础及安防技术发展方向、光电发光器件及其在安防中的应用、光辐射信息探测器件及其在安防中的应用等。
●
相关链接 在E读中查询图书 在五车中查询图书 在当当中查询图书 在豆瓣中查询图书


正题名:安防&光电信息     索取号:TN2/128         预约/预借

序号 登录号 条形码 馆藏地/架位号 状态 备注
1 1033976   210339766   第二样本阅览室/ [索取号:TN2/128] 在馆    
2 1033977   210339775   密集书库-物理学院/ [索取号:TN2/128] 在馆    
3 1033978   210339784   第三借阅区/ [索取号:TN2/128] 在馆    
4 1033979   210339793   第三借阅区/ [索取号:TN2/128] 在馆    
5 1033980   210339800   第三借阅区/ [索取号:TN2/128] 在馆    
唐山师范学院图书馆 欢迎您!
大连网信软件有限公司© 版权所有